El comentario de textos literarios
Guardat en:
| Autor principal: | |
|---|---|
| Format: | Llibre |
| Idioma: | espanyol |
| Publicat: |
Madrid
Anaya
1982
|
| Col·lecció: | Técnicas didácticas
|
| Matèries: | |
| Etiquetes: |
Afegir etiqueta
Sense etiquetes, Sigues el primer a etiquetar aquest registre!
|
MARC
| LEADER | 00000nam a2200000 a 4500 | ||
|---|---|---|---|
| 001 | UCW4262 | ||
| 003 | CL-VaPUC | ||
| 008 | 891122e19820000SP |||||||||||||||||spa|d | ||
| 082 | 0 | 4 | |a 801.95 |b GAR |2 21 |
| 100 | |a García Posada, Miguel |e author |9 544519 | ||
| 245 | 1 | 3 | |a El comentario de textos literarios |
| 300 | |a 96 p | ||
| 942 | |c BK | ||
| 945 | |d 19891122 00:00:00 | ||
| 260 | |a Madrid |b Anaya |c 1982 | ||
| 650 | 0 | |a Crítica literaria |9 269189 | |
| 650 | 7 | |a RESEÑAS DE LIBROS |2 CL-VaPUC |9 308900 | |
| 583 | |a last modification |c 19891122 00:00:00 |k Rodrigo Vera | ||
| 490 | 0 | |a Técnicas didácticas | |
| 999 | |c 218035 |d 218033 | ||
| 952 | |0 0 |1 0 |4 0 |6 801_950000000000000_GAR_1982 |7 0 |8 P |9 206855 |a BIBEDU |b BIBEDU |c BIBEDU_PB |d 2019-11-15 |i 2746727 |o 801.95 GAR 1982 |p 2746727 |r 2024-01-25 |w 2019-11-15 |y BK |k EDU | ||
| 952 | |0 0 |1 0 |4 0 |6 801_950000000000000_GAR_1982 |7 0 |8 P |9 206856 |a BIBEDU |b BIBEDU |c BIBEDU_PB |d 2019-11-15 |i 1551191 |o 801.95 GAR 1982 |p 1551191 |r 2024-01-25 |w 2019-11-15 |y BK |k EDU | ||